| 000 | 00620nam a2200181 i 4500 | ||
|---|---|---|---|
| 001 | bgj | ||
| 100 | 1 | _aPETERSON WILCOX, Patricia. | |
| 245 | 1 | 0 |
_aChanging times, changing tenses : _ba review of the English tense system : elementary/intermediate / _cPatricia Wilcox Peterson. |
| 260 |
_aWashington, D.C. : _bUnited States Information Agency, _c1991. |
||
| 300 |
_a155 pp : _bphotos ; _c26 cm. |
||
| 650 | 9 |
_aEnglish language _xGrammar |(elementary/|intermediate) |
|
| 655 | _aTextbooks for foreigners | ||
| 020 | _apbk | ||
| 040 | _cBPK | ||
| 041 | 0 | _aeng | |
| 942 | _cKS | ||
| 008 | s uk f |000 0 eng | ||
| 999 |
_c41424 _d41424 |
||
| 856 |
_uhttp://koha.tu.koszalin.pl/cgi-bin/koha/opac-detail.pl?biblionumber=41424 _yKatalog online BPK |
||